000 00564nam a2200169 i 4500
001 48861
003 ES-MaACL
005 20230906161833.0
007 t|
008 030701s1956 sp ||||1| spa d
100 1 _aCordero y León, Rigoberto.
_940529
245 1 3 _aEl mensaje de la Novena Sinfonía /
_cRigoberto Cordero y León ; [prólogo de Benigno Mantilla Pineda].
260 _aBarcelona :
_bCervantes,
_c1956 (
_fLa Académica)
300 _a141 p. :
_bil. ;
_c18 cm.
700 1 _aMantilla Pineda, Benigno.
_976167
852 _aES-MaACL
_jC-11636
_bR.39345
999 _c48861
_d48861